The Beatles - Least popular songs - Statistics

General Stats
  • This quiz has been taken 39 times
  • The average score is 8 of 14
Answer Stats
Album Song % Correct
Magical Mystery Tour Flying
79%
Abbey Road Her Majesty
76%
Let It Be Dig It
73%
Please Please Me Chains
70%
The Beatles (White Album) Wild Honey Pie
67%
Revolver Doctor Robert
61%
With The Beatles Little Child
58%
Sgt. Pepper's Good Morning Good Morning
55%
A Hard Day's Night I'll Cry Instead
55%
Yellow Submarine It's All Too Much
52%
Help! Tell Me What You See
48%
Rubber Soul What Goes On
48%
Beatles For Sale Everybody's Trying To Be My Baby
36%
Past Masters Thank You Girl
36%
No matching quizzes found
Score Distribution
Percent of People with Each Score
Percentile by Number Answered
Your Score History
You have not taken this quiz